<?xml version="1.0" encoding="UTF-8"?><?xml-stylesheet type="text/xsl" href="static/style.xsl"?><OAI-PMH xmlns="http://www.openarchives.org/OAI/2.0/" xmlns:xsi="http://www.w3.org/2001/XMLSchema-instance" xsi:schemaLocation="http://www.openarchives.org/OAI/2.0/ http://www.openarchives.org/OAI/2.0/OAI-PMH.xsd"><responseDate>2026-04-27T20:22:15Z</responseDate><request verb="GetRecord" identifier="oai:uvadoc.uva.es:10324/71428" metadataPrefix="marc">https://uvadoc.uva.es/oai/request</request><GetRecord><record><header><identifier>oai:uvadoc.uva.es:10324/71428</identifier><datestamp>2024-11-13T20:03:35Z</datestamp><setSpec>com_10324_38</setSpec><setSpec>col_10324_852</setSpec></header><metadata><record xmlns="http://www.loc.gov/MARC21/slim" xmlns:doc="http://www.lyncode.com/xoai" xmlns:xsi="http://www.w3.org/2001/XMLSchema-instance" xmlns:dcterms="http://purl.org/dc/terms/" xsi:schemaLocation="http://www.loc.gov/MARC21/slim http://www.loc.gov/standards/marcxml/schema/MARC21slim.xsd">
<leader>00925njm 22002777a 4500</leader>
<datafield tag="042" ind1=" " ind2=" ">
<subfield code="a">dc</subfield>
</datafield>
<datafield tag="720" ind1=" " ind2=" ">
<subfield code="a">Martín Calvo, Enrique</subfield>
<subfield code="e">author</subfield>
</datafield>
<datafield tag="260" ind1=" " ind2=" ">
<subfield code="c">2024</subfield>
</datafield>
<datafield tag="520" ind1=" " ind2=" ">
<subfield code="a">En este documento se describe el desarrollo de un sistema para la gestión de inventario&#xd;
y proveedores, que incluye alertas sobre tendencias de precios y predicciones de precios para&#xd;
el siguiente periodo de tiempo, diseñado específicamente para pequeñas y medianas empresas.&#xd;
Siguiendo la metodología SCRUM, esta aplicación ha sido desarrollada para dispositivos Linux&#xd;
y se ejecuta localmente. Con esta aplicación, los clientes podrán realizar un seguimiento integral&#xd;
de los productos y precios de sus proveedores, lo que les permitirá tomar decisiones informadas&#xd;
basadas en dicha información.</subfield>
</datafield>
<datafield tag="520" ind1=" " ind2=" ">
<subfield code="a">This document describes the development of a system for inventory and supplier management,&#xd;
which includes alerts on price trends and price predictions for the next time period, specifically&#xd;
designed for small and medium-sized enterprises. Following the SCRUM methodology, this&#xd;
application has been developed for Linux devices and runs locally. With this application, customers&#xd;
will be able to comprehensively track the products and prices of their suppliers, enabling&#xd;
them to make informed decisions based on this information.</subfield>
</datafield>
<datafield tag="024" ind2=" " ind1="8">
<subfield code="a">https://uvadoc.uva.es/handle/10324/71428</subfield>
</datafield>
<datafield tag="245" ind1="0" ind2="0">
<subfield code="a">Optimización B2B de precios: aplicación web de monitorización de precios e inventario aplicando análisis predictivo</subfield>
</datafield>
</record></metadata></record></GetRecord></OAI-PMH>